Normal view
MARC view
Entry Topical Term
001 - CONTROL NUMBER
- control field: 43889
003 - CONTROL NUMBER IDENTIFIER
- control field: ARRUPE
005 - DATE AND TIME OF LATEST TRANSACTION
- control field: 20190108115730.0
008 - FIXED-LENGTH DATA ELEMENTS
- fixed length control field: 190108|| aca||aabn | a|a d
040 ## - CATALOGING SOURCE
- Original cataloging agency: ARRUPE
- Transcribing agency: ARRUPE
150 ## - HEADING--TOPICAL TERM
- Topical term or geographic name as entry element: Religion and science.
670 ## - SOURCE DATA FOUND
- Source citation: Work cat.: (ARRUPE)0: Haisch, Bernard, 1949- 17689, The God theory :, 2006.